00354nam a2200133Ia 450000500170000000800410001704000130005808200210007110000220009224500330011426000410014730000130018865000190020120250630115040.0231207s9999 xx 000 0 und d cPK-LaNCA aMPH 808.888bSHO aShoaib Bin Hassan 0aAesthetics of incompleteness bIqbal Academy PakistanaLahorec2006 axi, 484p aProse writings